Pensamientos christianos para todos los dias del mes compuestos en lengua francesa por el Padre Domingo Bohurs, de la Compañia de Jesús. Y traducidos en la española por otro Padre de la misma Compañia. Van añadidos de un tratado nuevo, intitulado piensalo bien: que contiene un modo breve y seguro para salvarse. Y el Padre Nuestro llamado de la Hortelana de quien hizo mucho aprecio el Ilustrisimo Señor Flamenville, Obispo de Perpiñan. Traducido de italiano en español

Detalles Bibliográficos
Autor principal: Bouhours, Dominique, 1628-1702
Formato: Libro
Lenguaje:Spanish
Publicado: en Alcalá : en la imprenta de Don Isidro Lopez, 1791.
Edición:Quinta impresión, y segunda en este tamaño para mejor comodidad de los lectores
Materias:
Colección:Banco de datos
Acervo:Fondo Bibliográfico Antiguo de la Parroquia de Santa María de la Natividad de Atlixco. Puebla
Descripción Física:262 p. ; 8°
Tema general:Ascética
Notas:Encuadernación en piel sobre cartón
LEADER 01073nam a22001810004500
035 |a 12 
041 0 |a spa 
100 1 |a Bouhours, Dominique, 1628-1702 
245 1 0 |a Pensamientos christianos para todos los dias del mes compuestos en lengua francesa por el Padre Domingo Bohurs, de la Compañia de Jesús. Y traducidos en la española por otro Padre de la misma Compañia. Van añadidos de un tratado nuevo, intitulado piensalo bien: que contiene un modo breve y seguro para salvarse. Y el Padre Nuestro llamado de la Hortelana de quien hizo mucho aprecio el Ilustrisimo Señor Flamenville, Obispo de Perpiñan. Traducido de italiano en español 
250 |a Quinta impresión, y segunda en este tamaño para mejor comodidad de los lectores 
260 |a en Alcalá : en la imprenta de Don Isidro Lopez, 1791. 
300 |a 262 p. ; 8° 
500 |a Encuadernación en piel sobre cartón 
650 1 0 |a Ascética 
949 |a 44 
942 |c ATLIXCO 
943 |g Fondo Bibliográfico Antiguo de la Parroquia de Santa María de la Natividad de Atlixco. Puebla 
999 |c 1100514  |d 1100514